Statistics for 60 Degree West Meridian Countries

Click here to take the quiz!

General Stats

  • This quiz has been taken 234 times
    (231 since last reset)
  • The average score is 18 of 20

Answer Stats

DegreesCountry% Correct
Argentina
98%
Brazil
98%
Guyana
97%
Paraguay
96%
1.92°Suriname
96%
1.55°Uruguay
96%
Venezuela
96%
Bolivia
95%
Canada
93%
1.24°Dominica
91%
1.12°St Vincent and the Grenadines
90%
0.50°Trinidad and Tobago
90%
0.35°Barbados
89%
2.54°St Kitts and Nevis
89%
0.87°St Lucia
88%
6.90°Colombia
87%
1.66°Antigua and Barbuda
85%
1.42°Grenada
85%
Greenland
64%
3.01°Sint Maarten
31%

Score Distribution

Percentile by Number Answered

Percent of People with Each Score

Your Score History

You have not taken this quiz since the last reset